[Event "FIDE Online Olympiad"]
[Site "Chess.com"]
[Date "2020.08.07"]
[EventDate "2020.08.07"]
[Round "3"]
[Result "1-0"]
[White "Manunthon Atikankhotchasee"]
[Black "Ny Koloina Andrianarison"]
[WhiteElo "1549"]
[BlackElo "1203"]
[PlyCount "71"]

1. d4 d5 2. Bg5 c6 3. e3 h6 4. Bh4 Bf5 5. c4 Nd7 6. Nc3 Ngf6
7. Nf3 e6 8. h3 Be7 9. Rc1 O-O 10. Be2 dxc4 11. Bxc4 b5
12. Be2 a6 13. O-O Rc8 14. Bg3 c5 15. d5 exd5 16. Nxd5 Nxd5
17. Qxd5 Be6 18. Qe4 Bxa2 19. Ra1 Nf6 20. Qc2 Qd5 21. Rfd1 Qe6
22. Nd2 Ra8 23. b3 Bxb3 24. Nxb3 c4 25. Nd4 Qb6 26. Bf3 Ra7
27. Nc6 Rb7 28. Nxe7+ Rxe7 29. Bd6 Rfe8 30. Bxe7 Rxe7 31. Qc3
Ra7 32. Rab1 a5 33. Qxc4 b4 34. Qc6 Qb8 35. Qa4 Ne8 36. Rd5
1-0

[Event "FIDE Online Olympiad"]
[Site "Chess.com"]
[Date "2020.08.07"]
[EventDate "2020.08.07"]
[Round "3"]
[Result "1-0"]
[White "Prin Laohawirapap"]
[Black "Toavina Razanadrakotoarisoa"]
[WhiteElo "1834"]
[BlackElo "1933"]
[PlyCount "97"]

1. e4 c5 2. Nc3 a6 3. g3 Nc6 4. Bg2 g6 5. d3 Bg7 6. f4 d6
7. Nf3 Nf6 8. O-O O-O 9. h3 e6 10. g4 Qc7 11. Ne2 b5 12. Ng3
d5 13. e5 Nd7 14. h4 Bb7 15. h5 f6 16. hxg6 hxg6 17. Nh4 Ne7
18. exf6 Bxf6 19. g5 Bd4+ 20. Kh2 Rf7 21. Bh3 Rh7 22. Nf3 Bg7
23. Kg2 Nf5 24. Qe2 Qd6 25. Bd2 d4 26. Ne4 Qc6 27. Rh1 Re8
28. Bg4 Rxh1 29. Rxh1 c4 30. Nh4 Nxh4+ 31. Rxh4 Kf7 32. Bf3
cxd3 33. cxd3 Qc7 34. Bb4 Bxe4 35. Bxe4 Rh8 36. Rxh8 Bxh8
37. f5 Qe5 38. fxg6+ Kg8 39. Qh5 Nf8 40. Kf3 Qg7 41. Kg4 Qe5
42. Be7 Bg7 43. Qh3 a5 44. Qf3 Qb8 45. Qf7+ Kh8 46. Bf6 Bxf6
47. Qxf6+ Kg8 48. Qf7+ Kh8 49. g7# 1-0

[Event "FIDE Online Olympiad"]
[Site "Chess.com"]
[Date "2020.08.07"]
[EventDate "2020.08.07"]
[Round "3"]
[Result "1-0"]
[White "Rafat Issa"]
[Black "Fadi Eid"]
[WhiteElo "2392"]
[BlackElo "2337"]
[PlyCount "97"]

1. e4 e5 2. Nf3 Nf6 3. Nc3 Bb4 4. Nxe5 O-O 5. Nd3 Bxc3 6. dxc3
Nxe4 7. Nf4 Re8 8. Be2 d6 9. O-O Nc6 10. c4 h6 11. Be3 Bf5
12. c3 Nf6 13. b3 Qd7 14. Nd5 Nxd5 15. cxd5 Ne5 16. Qd2 a6
17. c4 b6 18. Bd4 a5 19. Rae1 f6 20. f4 Nf7 21. Bh5 Bg4
22. Bg6 Bf5 23. Bxf5 Qxf5 24. Re3 Rxe3 25. Qxe3 Kf8 26. Re1
Qd7 27. Qe6 Qe8 28. Kf2 Nh8 29. Re2 Qf7 30. Qf5 Qg6 31. Qd7
Qf7 32. Qc6 Rd8 33. f5 Qd7 34. Qxd7 Rxd7 35. a3 Nf7 36. b4
axb4 37. axb4 Ne5 38. Bxe5 dxe5 39. Ke3 b5 40. Ke4 bxc4
41. Rc2 c6 42. dxc6 Rd4+ 43. Ke3 Ke7 44. b5 Kd6 45. Rd2 c3
46. Rc2 Kc7 47. Rxc3 Rb4 48. Rc5 Rd4 49. b6+ 1-0

[Event "FIDE Online Olympiad"]
[Site "Chess.com"]
[Date "2020.08.07"]
[EventDate "2020.08.07"]
[Round "3"]
[Result "1-0"]
[White "Alshaeby Boshra"]
[Black "Elena Nekrasova"]
[WhiteElo "1978"]
[BlackElo "1920"]
[PlyCount "67"]

1. e4 c5 2. Nf3 Nc6 3. d3 g6 4. g3 Bg7 5. Bg2 d6 6. O-O e5
7. Nc3 Nge7 8. Nd2 O-O 9. Nc4 Be6 10. Nd5 f5 11. f4 b5
12. Nce3 Rb8 13. c3 exf4 14. gxf4 Qd7 15. a4 b4 16. Nc4 bxc3
17. bxc3 Bxd5 18. exd5 Nb4 19. Bd2 Nbxd5 20. Qc2 Nf6 21. Qa2
Kh8 22. Rae1 Rfe8 23. Na5 d5 24. Nb3 c4 25. Nc5 Qd6 26. Ne6
Bh6 27. Ng5 Bxg5 28. fxg5 Ng4 29. Bf4 Qb6+ 30. d4 Qb2 31. Qxb2
Rxb2 32. h3 Rc2 33. hxg4 Rxc3 34. Bd6 1-0

[Event "FIDE Online Olympiad"]
[Site "Chess.com"]
[Date "2020.08.07"]
[EventDate "2020.08.07"]
[Round "3"]
[Result "1-0"]
[White "Maya Jalloul"]
[Black "Ghayda M Alattar"]
[WhiteElo "1876"]
[BlackElo "1950"]
[PlyCount "115"]

1. c4 Nf6 2. Nc3 g6 3. g3 Bg7 4. Bg2 O-O 5. e3 c6 6. Nge2 d6
7. O-O Nbd7 8. d3 e5 9. Rb1 Nc5 10. b4 Ne6 11. a4 d5 12. Qb3
d4 13. exd4 exd4 14. Ne4 Nxe4 15. Bxe4 a5 16. Ba3 Re8 17. b5
c5 18. Rfe1 Rb8 19. b6 Bf8 20. Bc1 Ng5 21. Bg2 Bg4 22. Bxg5
Qxg5 23. Nf4 Bd7 24. Nd5 Rxe1+ 25. Rxe1 Bc6 26. Nf4 Bxg2
27. Kxg2 Bd6 28. Nd5 Kg7 29. Re2 Qg4 30. Re4 Qd7 31. Re1 Re8
32. Rd1 Re2 33. Rf1 Qe8 34. Ra1 Qe6 35. Qb5 Qf5 36. Rf1 Qxd3
37. Qd7 Re6 38. Qxb7 Qxc4 39. Nc7 Re7 40. Qc6 Be5 41. Ne8+
Rxe8 42. Qxe8 Qd5+ 43. f3 d3 44. Qb5 d2 45. Qe2 Bc3 46. Rd1
Bb4 47. Qb5 Qb7 48. h4 h5 49. Kf2 Qd5 50. b7 Qd4+ 51. Kg2 c4
52. b8=Q Bd6 53. Q8b6 Qd3 54. Qf2 Qc2 55. Qd4+ Kh7 56. Qxd2
Qf5 57. Qxf5 gxf5 58. Qxd6 1-0

[Event "FIDE Online Olympiad"]
[Site "Chess.com"]
[Date "2020.08.07"]
[EventDate "2020.08.07"]
[Round "3"]
[Result "1-0"]
[White "Sameer Loay"]
[Black "Jawad Farhat"]
[WhiteElo "2050"]
[BlackElo "1693"]
[PlyCount "101"]

1. Nf3 Nf6 2. g3 g6 3. Bg2 Bg7 4. O-O O-O 5. d4 d5 6. c4 c6
7. Nc3 Re8 8. Ne5 dxc4 9. Nxc4 Nbd7 10. e4 Nb6 11. Ne3 h5
12. e5 Nfd5 13. Nexd5 Nxd5 14. Nxd5 cxd5 15. Qb3 e6 16. Bd2
Qb6 17. Qa4 Qc6 18. Qxc6 bxc6 19. Rfc1 Bd7 20. b3 Rec8 21. Bb4
a5 22. Bc5 Rcb8 23. Bf1 Bf8 24. Rab1 Bxc5 25. Rxc5 Rb4 26. a3
Rxd4 27. b4 axb4 28. axb4 Rb8 29. b5 cxb5 30. Rc7 Be8 31. Rbc1
Rb4 32. Rc8 Rxc8 33. Rxc8 Kf8 34. Rb8 Rb1 35. Kg2 Rb2 36. Kf3
Ke7 37. Ke3 b4 38. Rb7+ Kd8 39. Ba6 Bd7 40. Kd4 Rc2 41. Rxb4
Rxf2 42. h4 Rd2+ 43. Ke3 Rc2 44. Bd3 Rc7 45. Kf4 Kc8 46. Kg5
Be8 47. Kf6 d4 48. Ba6+ Kd8 49. Rb8+ Kd7 50. Bb5+ Rc6
51. Bxc6+ 1-0

[Event "FIDE Online Olympiad"]
[Site "Chess.com"]
[Date "2020.08.07"]
[EventDate "2020.08.07"]
[Round "3"]
[Result "1-0"]
[White "Nour Assoum"]
[Black "Alnasser Tala"]
[WhiteElo "1400"]
[BlackElo "1077"]
[PlyCount "125"]

1. e4 c5 2. Nf3 Nc6 3. Bb5 g6 4. d4 cxd4 5. Nxd4 Bg7 6. Be3 a6
7. Be2 e6 8. Nxc6 bxc6 9. Nc3 Ne7 10. Bd4 e5 11. Bc5 O-O
12. h4 Re8 13. h5 d5 14. Bxe7 Qxe7 15. hxg6 fxg6 16. exd5 cxd5
17. Nxd5 Qb7 18. Bf3 Qxb2 19. Rb1 Qxa2 20. Nb4 Qa5 21. Bxa8 e4
22. O-O Qg5 23. Qd5+ Qxd5 24. Bxd5+ Kh8 25. Rfe1 Bc3 26. Re2
Bf5 27. Nxa6 Bd4 28. Rb8 Rxb8 29. Nxb8 Ba7 30. Nc6 Bc5
31. Bxe4 Bg4 32. Rd2 Kg7 33. Ne5 Bb4 34. Rd4 Bc3 35. Rd5 Be6
36. Rb5 Kf6 37. Nd3 Bd4 38. Nf4 Bd7 39. Rd5 Be5 40. Rxd7 Bxf4
41. Rxh7 g5 42. c4 Ke5 43. Bf3 Kd4 44. Be2 Bd6 45. Rg7 Bf4
46. g3 Bd2 47. Kg2 Ke4 48. Rd7 Bb4 49. Rc7 Kd4 50. f4 gxf4
51. gxf4 Ke4 52. Kg3 Bd6 53. Rf7 Bc5 54. Kg4 Kd4 55. f5 Ke5
56. Kg5 Be3+ 57. Kg6 Bc5 58. f6 Ke6 59. Rh7 Bb4 60. Bg4+ Kd6
61. f7 Ke7 62. Rh8 Kd6 63. f8=Q+ 1-0

[Event "FIDE Online Olympiad"]
[Site "Chess.com"]
[Date "2020.08.07"]
[EventDate "2020.08.07"]
[Round "3"]
[Result "1-0"]
[White "Warre De Waele"]
[Black "Chola Musonda"]
[WhiteElo "2238"]
[BlackElo "2044"]
[PlyCount "143"]

1. d4 Nf6 2. c4 g6 3. Nc3 Bg7 4. e4 d6 5. Nf3 O-O 6. Be2 e5
7. d5 a5 8. Bg5 Na6 9. Nd2 h6 10. Be3 b6 11. a3 Bd7 12. Rb1
Nc5 13. b4 axb4 14. axb4 Na4 15. Qc2 Nxc3 16. Qxc3 Ng4
17. Bxg4 Bxg4 18. O-O f5 19. f3 Bh5 20. c5 f4 21. Bf2 g5
22. h3 Be8 23. Rfc1 Bb5 24. Nc4 h5 25. cxd6 cxd6 26. Nxb6 Ra2
27. Qc7 Qf6 28. Nd7 Qg6 29. Nxf8 Bxf8 30. Qc8 Bd3 31. Ra1 Rb2
32. Ra8 Qf6 33. Qe6+ Qxe6 34. dxe6 Kg7 35. Rc7+ Kf6 36. Rxf8+
Kxe6 37. Rff7 d5 38. Rce7+ Kd6 39. Bc5+ Kc6 40. Rf6+ Kb5
41. Rxe5 Rb1+ 42. Kh2 g4 43. hxg4 hxg4 44. Rxf4 gxf3 45. gxf3
dxe4 46. fxe4 Kc4 47. Kg3 Re1 48. Re7 Re2 49. Kg4 Kb5 50. Kf5
Kc6 51. Ke5 Rh2 52. Kd4 Bb1 53. Rf6+ Kb5 54. Rb6+ Ka4 55. Ra7+
Kb3 56. e5 Rd2+ 57. Ke3 Rd3+ 58. Kf4 Rc3 59. e6 Bg6 60. Kg5
Be8 61. Kf6 Rf3+ 62. Ke7 Bh5 63. Kd8 Rd3+ 64. Rd6 Rg3 65. e7
Rg8+ 66. Kc7 Be8 67. Rd8 Kc4 68. Rxe8 Rxe8 69. Kd7 Rg8
70. e8=Q Rxe8 71. Kxe8 Kb5 72. Kd7 1-0

[Event "FIDE Online Olympiad"]
[Site "Chess.com"]
[Date "2020.08.07"]
[EventDate "2020.08.07"]
[Round "3"]
[Result "1-0"]
[White "Thomas Kett"]
[Black "Jake Darmanin"]
[WhiteElo "2108"]
[BlackElo "2134"]
[PlyCount "99"]

1. e4 e5 2. f4 exf4 3. Nf3 d6 4. d4 g5 5. Nc3 g4 6. Bxf4 gxf3
7. Qxf3 Bh6 8. O-O-O Bxf4+ 9. Qxf4 Qf6 10. Qg3 Ne7 11. Bc4 Be6
12. Bd3 Nd7 13. d5 Rg8 14. Qe3 Bg4 15. Rdf1 Qg5 16. Qxg5 Rxg5
17. h3 Bh5 18. g4 Bg6 19. h4 Rxg4 20. h5 Nf8 21. hxg6 fxg6
22. Bb5+ c6 23. dxc6 bxc6 24. Nd5 cxb5 25. Nf6+ Kf7 26. Nxg4+
Kg7 27. Nh6 Re8 28. Rf7+ Kh8 29. Ng4 Ng8 30. Nf6 Nxf6 31. Rxf6
h5 32. Rxd6 Rxe4 33. Rf1 Ne6 34. Kd2 h4 35. Re1 Nc5 36. Rxg6
Kh7 37. Rg5 Rd4+ 38. Ke3 Re4+ 39. Kf2 Rf4+ 40. Kg2 Ne4
41. Rxb5 Kh6 42. Rb4 h3+ 43. Kg1 Rg4+ 44. Kh2 Ng5 45. Rxg4
Nf3+ 46. Kxh3 Nxe1 47. c4 Nd3 48. Rg8 Nxb2 49. c5 Nc4 50. c6
1-0

[Event "FIDE Online Olympiad"]
[Site "Chess.com"]
[Date "2020.08.07"]
[EventDate "2020.08.07"]
[Round "3"]
[Result "1-0"]
[White "Oana Caruana Pulpan"]
[Black "Kimberly Chong"]
[WhiteElo "1873"]
[BlackElo "1790"]
[PlyCount "49"]

1. d4 Nf6 2. Nf3 e6 3. g3 d5 4. Bg2 Be7 5. O-O O-O 6. c4 c6
7. b3 b6 8. Nc3 Nbd7 9. Qd3 Bb7 10. Bb2 Rc8 11. Rfe1 Re8
12. e4 dxe4 13. Nxe4 Nxe4 14. Qxe4 Nf6 15. Qc2 c5 16. Rad1
Bxf3 17. Bxf3 Qc7 18. d5 exd5 19. cxd5 Bd6 20. Bxf6 gxf6
21. Qf5 Rxe1+ 22. Rxe1 Kg7 23. Qg4+ Kf8 24. Qh5 Re8 25. Qh6+
1-0

[Event "FIDE Online Olympiad"]
[Site "Chess.com"]
[Date "2020.08.07"]
[EventDate "2020.08.07"]
[Round "3"]
[Result "1-0"]
[White "Korab Saraci"]
[Black "Zozek Salah Mohammed Mohammed"]
[WhiteElo "2077"]
[BlackElo "2258"]
[PlyCount "87"]

1. e4 c5 2. c3 d6 3. d4 cxd4 4. cxd4 Nf6 5. Nc3 g6 6. Nf3 Bg7
7. Bd3 O-O 8. O-O Nc6 9. h3 a6 10. Bg5 Bd7 11. Rc1 Rc8 12. Re1
Qb6 13. Bxf6 Bxf6 14. Nd5 Qxb2 15. Rb1 Qxa2 16. Rxb7 Rcd8
17. Re2 Qa5 18. Nxf6+ exf6 19. Qb1 Qh5 20. Re3 a5 21. Rb5 Qh6
22. Qa1 Rc8 23. Rb7 Nb4 24. Rxd7 Nxd3 25. Qxa5 Rc1+ 26. Ne1
Nf4 27. Rc7 Rb1 28. Qa2 Rd1 29. Qa4 Qg5 30. Qxd1 Ne6 31. Rcc3
Rb8 32. Rb3 Rc8 33. Rec3 Ra8 34. Qc1 Nxd4 35. Qxg5 fxg5
36. Ra3 Re8 37. Re3 Rb8 38. Rad3 Ne6 39. g3 Rb6 40. Kg2 Kg7
41. Nf3 h6 42. e5 dxe5 43. Nxe5 Rb7 44. Rd7 1-0

[Event "FIDE Online Olympiad"]
[Site "Chess.com"]
[Date "2020.08.07"]
[EventDate "2020.08.07"]
[Round "3"]
[Result "1-0"]
[White "Sali Abbas Abdulzahra A-ALI"]
[Black "Arlinda Aliu"]
[WhiteElo "1749"]
[BlackElo "1742"]
[PlyCount "119"]

1. e4 e5 2. Bc4 Nf6 3. d3 Nc6 4. Nf3 Be7 5. O-O O-O 6. Re1 h6
7. c3 d6 8. d4 Bg4 9. d5 Na5 10. Bd3 b6 11. Nbd2 Nb7 12. Nf1
a5 13. b4 Nh7 14. Ne3 Bh5 15. Nf5 Bg5 16. Ng3 Bxc1 17. Rxc1
Bxf3 18. Qxf3 axb4 19. cxb4 Rxa2 20. Bb1 Ra4 21. Qc3 Qb8
22. Nf5 Nf6 23. Qxc7 Rxb4 24. Qxb8 Rxb8 25. Ne7+ Kh7 26. Nc6
Rxb1 27. Rxb1 Ra8 28. Rxb6 Nc5 29. f3 Nd3 30. Reb1 Ra2 31. Nb4
Nxb4 32. R1xb4 Nh5 33. g3 Ra1+ 34. Rb1 Ra3 35. R1b3 Ra1+
36. Kg2 Ra2+ 37. Rb2 Ra5 38. Rxd6 Ra7 39. Rc6 Nf6 40. Rcb6 Kg6
41. d6 Rd7 42. R2b5 Ne8 43. Rxe5 Rxd6 44. Rxd6+ Nxd6 45. Rd5
Nc4 46. Rc5 Ne3+ 47. Kf2 Nd1+ 48. Ke2 Nb2 49. h4 f6 50. h5+
Kf7 51. Rc7+ Kf8 52. Ke3 Nd1+ 53. Kf4 Nf2 54. Kf5 Nd3 55. Ke6
Kg8 56. f4 Kh7 57. e5 fxe5 58. fxe5 Nf2 59. Kf7 Ne4 60. Kf8
1-0

[Event "FIDE Online Olympiad"]
[Site "Chess.com"]
[Date "2020.08.07"]
[EventDate "2020.08.07"]
[Round "2"]
[Result "1-0"]
[White "Jaime Jose Romero Barreto"]
[Black "Ahmed Taleb Mohamed"]
[WhiteElo "2285"]
[BlackElo "1978"]
[PlyCount "71"]

1. e4 e5 2. Nf3 Nf6 3. Nxe5 d6 4. Nf3 Nxe4 5. Nc3 Nf6 6. d4
Be7 7. Bd3 O-O 8. h3 Re8 9. O-O c6 10. Ne2 Nbd7 11. Ng3 Nf8
12. Re1 h6 13. Nf5 Bxf5 14. Bxf5 Qa5 15. Bd3 Qh5 16. Bf4 Nd5
17. Bg3 Nb4 18. Bf1 Qg6 19. a3 Nd5 20. Bd3 Qh5 21. c4 Nf6
22. Qb3 b6 23. Re2 N8d7 24. Qa4 c5 25. Rae1 Kf8 26. Rxe7 Rxe7
27. Bxd6 Rae8 28. Rxe7 Rxe7 29. Qxa7 cxd4 30. Qa8+ Ne8 31. Qd8
f5 32. Qxe7+ Kg8 33. Qxd7 Nf6 34. Qe6+ Kh8 35. Qxf5 Qf7
36. Be5 1-0

[Event "FIDE Online Olympiad"]
[Site "Chess.com"]
[Date "2020.08.07"]
[EventDate "2020.08.07"]
[Round "2"]
[Result "1-0"]
[White "Filip Boe Olsen"]
[Black "Mateus Felizardo Vasco"]
[WhiteElo "2093"]
[BlackElo "1862"]
[PlyCount "71"]

1. d4 Nf6 2. c4 e6 3. Nc3 Bb4 4. e3 O-O 5. Bd3 b6 6. Nge2 Bb7
7. a3 Bxc3+ 8. Nxc3 c5 9. d5 exd5 10. cxd5 d6 11. O-O a6
12. a4 Re8 13. e4 Nbd7 14. Re1 Qc7 15. Bf1 c4 16. h3 Rac8
17. Qd4 h6 18. Bf4 Qb8 19. Bxc4 Qc7 20. Bf1 Nc5 21. Rad1 Nfd7
22. Bh2 Nb3 23. Qb4 Nbc5 24. Qa3 Nf6 25. f3 Red8 26. Rc1 Ne8
27. Ne2 Qb8 28. Nd4 a5 29. Bb5 Nc7 30. Bc6 N7a6 31. Bb5 Nb4
32. Qe3 Qa8 33. Nf5 Bxd5 34. exd5 Nxd5 35. Qd4 Rc7 36. Qxg7#
1-0

[Event "FIDE Online Olympiad"]
[Site "Chess.com"]
[Date "2020.08.07"]
[EventDate "2020.08.07"]
[Round "3"]
[Result "1-0"]
[White "Duane Rowe"]
[Black "Jaime Jose Romero Barreto"]
[WhiteElo "2088"]
[BlackElo "2285"]
[PlyCount "111"]

1. e4 e5 2. Nc3 Nc6 3. Bc4 Nf6 4. d3 Bb4 5. Nge2 Na5 6. O-O
Nxc4 7. dxc4 O-O 8. Bg5 Be7 9. Ng3 d6 10. h3 Nxe4 11. Bxe7
Nxc3 12. Bxd8 Nxd1 13. Bxc7 Nxb2 14. Bxd6 Rd8 15. c5 Nc4
16. Bc7 Rd7 17. Rfd1 f5 18. Bd6 g6 19. Ne2 b6 20. Nc3 Bb7
21. Rab1 Rad8 22. cxb6 Nxd6 23. bxa7 Ba8 24. Rb8 Kf7 25. Nb5
Nxb5 26. Rxd8 Rxa7 27. R1d7+ Rxd7 28. Rxd7+ Kf6 29. a4 Nd4
30. a5 Bc6 31. Rc7 Bb5 32. c4 Ba6 33. c5 Ke6 34. Ra7 Bc4
35. a6 Nc6 36. Ra8 Kd7 37. a7 Nxa7 38. Rxa7+ Kc6 39. Ra5 Bb5
40. Ra7 Kxc5 41. Rxh7 f4 42. Rg7 Bd3 43. f3 Kd6 44. Kf2 Ke6
45. g4 fxg3+ 46. Kxg3 Kf6 47. Rb7 Bf5 48. Rb6+ Kf7 49. Kh4 e4
50. fxe4 Bxe4 51. Kg5 Kg7 52. Re6 Bf5 53. Re7+ Kf8 54. Kf6
Bxh3 55. Rh7 Be6 56. Kxe6 1-0

[Event "FIDE Online Olympiad"]
[Site "Chess.com"]
[Date "2020.08.07"]
[EventDate "2020.08.07"]
[Round "2"]
[Result "1-0"]
[White "Jorge Baules"]
[Black "Wilson Estuardo Lorenzana"]
[WhiteElo "2338"]
[BlackElo "2220"]
[PlyCount "55"]

1. e4 c5 2. Nf3 e6 3. d4 cxd4 4. Nxd4 a6 5. Bd3 Bc5 6. Nb3 Be7
7. O-O Nc6 8. c4 Nf6 9. Nc3 d6 10. Be3 O-O 11. f4 Bd7 12. Qf3
Re8 13. Kh1 Rc8 14. a3 Qc7 15. Rac1 Qb8 16. c5 dxc5 17. e5 Nd5
18. Qh3 f5 19. exf6 Nxf6 20. Ne4 g6 21. Nbxc5 Qc7 22. Ng5 Bxc5
23. Bxc5 e5 24. Qh6 Be6 25. Nxe6 Rxe6 26. Bc4 Rce8 27. f5 gxf5
28. Bxe6+ 1-0

[Event "FIDE Online Olympiad"]
[Site "Chess.com"]
[Date "2020.08.08"]
[EventDate "2020.08.07"]
[Round "4"]
[Result "1-0"]
[White "Korab Saraci"]
[Black "Alain Ranaivoharisoa"]
[WhiteElo "2077"]
[BlackElo "2201"]
[PlyCount "51"]

1. e4 c5 2. c3 Nf6 3. e5 Nd5 4. d4 cxd4 5. cxd4 d6 6. Nf3 Nc6
7. Bc4 e6 8. O-O Be7 9. Re1 O-O 10. a3 a6 11. b4 b5 12. Bb3
Bb7 13. Bxd5 exd5 14. Bf4 Rc8 15. Qd3 dxe5 16. Nxe5 Bf6
17. Nd2 Nxe5 18. Bxe5 Bxe5 19. Rxe5 Rc7 20. Nb3 Rc4 21. Rae1
Bc8 22. Qe3 Rc6 23. Nc5 Be6 24. f4 Rc8 25. f5 Rxc5 26. fxe6
1-0

[Event "FIDE Online Olympiad"]
[Site "Chess.com"]
[Date "2020.08.08"]
[EventDate "2020.08.07"]
[Round "4"]
[Result "1-0"]
[White "Rinesa Saraci"]
[Black "Christine Razafindrabiaza"]
[WhiteElo "1184"]
[BlackElo "1562"]
[PlyCount "131"]

1. e4 e6 2. Nf3 d5 3. exd5 exd5 4. d4 Nf6 5. Be2 Bd6 6. O-O
O-O 7. Nc3 c5 8. a3 Nc6 9. Be3 cxd4 10. Nxd4 Be6 11. h3 h6
12. Bf3 Bc7 13. Qd2 Qd6 14. g3 a6 15. Bg2 Rac8 16. Bf4 Qd7
17. Bxc7 Rxc7 18. Rad1 Bxh3 19. Nf3 Bxg2 20. Kxg2 Rd8 21. Rh1
d4 22. Ne2 Ne4 23. Qd3 f5 24. Nd2 Qd5 25. Kf1 Nxd2+ 26. Rxd2
Qe4 27. Qxe4 fxe4 28. Rh4 Re7 29. Kg2 Ne5 30. Rxe4 Kf8
31. Rdxd4 Rc8 32. c3 Nc6 33. Rxe7 Nxe7 34. Rf4+ Kg8 35. Nd4
Nd5 36. Rf5 Nf6 37. f3 Re8 38. Kf2 Rc8 39. g4 Kh7 40. Re5 Nd7
41. Re7 Nc5 42. Nf5 Nd3+ 43. Kg3 Nxb2 44. Rxg7+ Kh8 45. Rxb7
Rxc3 46. Rxb2 Rxa3 47. Nxh6 a5 48. Nf5 a4 49. Nd4 Ra1 50. Rb8+
Kg7 51. Nc2 Ra2 52. Nb4 Ra1 53. Ra8 a3 54. Nc2 Rc1 55. Nxa3
Ra1 56. Kf4 Kf6 57. g5+ Ke6 58. Re8+ Kf7 59. Ra8 Ke7 60. Kf5
Kd6 61. Rd8+ Kc7 62. Rd3 Kc6 63. g6 Kc5 64. g7 Rg1 65. Kf6 Kb4
66. Kf7 1-0

[Event "FIDE Online Olympiad"]
[Site "Chess.com"]
[Date "2020.08.08"]
[EventDate "2020.08.07"]
[Round "4"]
[Result "1-0"]
[White "Zainab Asif Abdulah Al-Fayyadh"]
[Black "Julie Wilson"]
[WhiteElo "1728"]
[BlackElo "1826"]
[PlyCount "105"]

1. e4 e6 2. d4 d5 3. e5 c5 4. c3 Nc6 5. Nf3 Bd7 6. a3 f6 7. b4
fxe5 8. dxe5 cxb4 9. cxb4 Nge7 10. Bb2 Ng6 11. Be2 Be7 12. O-O
O-O 13. Nbd2 Rc8 14. Rc1 a6 15. Nb3 Na7 16. Nbd4 Nc6 17. Nxc6
Rxc6 18. Nd4 Rxc1 19. Qxc1 Nxe5 20. Nxe6 Bxe6 21. Bxe5 Bf6
22. Qc3 Qd7 23. Re1 d4 24. Qc7 Qxc7 25. Bxc7 Bf7 26. Rd1 Rc8
27. Bb6 Rc3 28. Bxd4 Bxd4 29. Rxd4 h6 30. f3 Rxa3 31. Rd8+ Kh7
32. Rd7 Bg6 33. Rxb7 Ra1+ 34. Kf2 Ra2 35. Ke3 Ra3+ 36. Kd4 Ra4
37. Kc5 Ra2 38. Re7 Bb1 39. g4 Bg6 40. h4 Ra1 41. h5 Bc2
42. Ra7 Re1 43. Bxa6 Bd1 44. Bd3+ Kg8 45. Be4 Rf1 46. b5 Bxf3
47. Bxf3 Rxf3 48. b6 Rc3+ 49. Kd6 Kh7 50. b7 Rb3 51. Kc7 Rc3+
52. Kb8 Rc4 53. Ka8 1-0

[Event "FIDE Online Olympiad"]
[Site "Chess.com"]
[Date "2020.08.08"]
[EventDate "2020.08.07"]
[Round "4"]
[Result "1-0"]
[White "Richmond Phiri"]
[Black "Geoffrey Borg"]
[WhiteElo "2270"]
[BlackElo "2367"]
[PlyCount "45"]

1. d4 g6 2. c4 Bg7 3. Nf3 c5 4. e3 cxd4 5. exd4 Nf6 6. Be2 d5
7. O-O O-O 8. Nc3 Nc6 9. h3 b6 10. Bg5 dxc4 11. Bxc4 Bb7
12. Re1 Rc8 13. Bf1 Re8 14. Rc1 e6 15. Qd2 Ne7 16. Ne5 Nf5
17. Bb5 Re7 18. Ng4 Rec7 19. d5 a6 20. Ba4 b5 21. Bb3 exd5
22. Bxf6 Bxf6 23. Re8+ 1-0

[Event "FIDE Online Olympiad"]
[Site "Chess.com"]
[Date "2020.08.08"]
[EventDate "2020.08.07"]
[Round "4"]
[Result "1-0"]
[White "Filipina Thornton"]
[Black "Constance Mbatha"]
[WhiteElo "1737"]
[BlackElo "1647"]
[PlyCount "85"]

1. d4 d5 2. c4 e6 3. Nc3 Nf6 4. Nf3 Be7 5. e3 O-O 6. Bd3 h6
7. O-O c5 8. Re1 Nc6 9. b3 b6 10. Bb2 Bb7 11. a3 Na5 12. cxd5
exd5 13. Rc1 Rc8 14. Ne5 Nxb3 15. Qxb3 c4 16. Nxc4 dxc4
17. Bxc4 a6 18. Bf1 b5 19. Ne2 Ne4 20. Ng3 Nd2 21. Qd1 Nc4
22. Bxc4 bxc4 23. e4 Qa5 24. Nf5 Bg5 25. Qg4 g6 26. Ne3 c3
27. Ba1 Kh7 28. f4 Bf6 29. e5 Bg7 30. Nc2 Qd5 31. Re3 f5
32. exf6 Bxf6 33. Bxc3 Rfe8 34. Rg3 Qf7 35. Nb4 Rxc3 36. Rgxc3
Bxd4+ 37. Kf1 Bxc3 38. Rxc3 Qe7 39. Qd1 a5 40. Nc6 Qe5
41. Nxe5 Re7 42. Qd6 Rg7 43. Rc7 1-0

[Event "FIDE Online Olympiad"]
[Site "Chess.com"]
[Date "2020.08.08"]
[EventDate "2020.08.07"]
[Round "4"]
[Result "1-0"]
[White "Tyani De Rycke"]
[Black "Nour Assoum"]
[WhiteElo "1924"]
[BlackElo "1400"]
[PlyCount "181"]

1. e4 e5 2. Nf3 Nc6 3. Bc4 Bc5 4. d3 Nge7 5. Be3 d6 6. Bxc5
dxc5 7. h3 Be6 8. Bxe6 fxe6 9. Ng5 Qd6 10. Qg4 Nd4 11. Na3 h6
12. Nf3 O-O-O 13. O-O-O g6 14. Nc4 Qa6 15. Kb1 h5 16. Qg5 Nec6
17. Nxd4 Nxd4 18. Nxe5 Rhf8 19. f3 Qa4 20. b3 Qa3 21. Nc4 Qb4
22. Kb2 Nb5 23. Qd2 Qxd2 24. Rxd2 Nd4 25. Ne5 g5 26. c3 Nb5
27. a4 Nd6 28. d4 cxd4 29. cxd4 Nf7 30. Ng6 Rfe8 31. e5 c5
32. Rhd1 cxd4 33. Rxd4 Kb8 34. Rxd8+ Nxd8 35. h4 gxh4 36. Nxh4
Nc6 37. Re1 Nb4 38. Kc3 Nd5+ 39. Kd4 Rf8 40. g4 hxg4 41. fxg4
Nb4 42. Kc4 Rf4+ 43. Kc3 Nd5+ 44. Kd3 Rxg4 45. Re4 Rg3+
46. Kd4 Nc3 47. Re3 Rg4+ 48. Kxc3 Rxh4 49. Kd3 Rb4 50. Kc3 Rh4
51. Kd2 Kc7 52. Kd3 Kd7 53. Re4 Rh3+ 54. Kc4 Rh1 55. b4 Rc1+
56. Kb5 Rc6 57. Rd4+ Kc7 58. Rh4 a6+ 59. Ka5 Kb8 60. b5 Rc5
61. Kb6 Rc8 62. bxa6 Rc6+ 63. Kb5 Rxa6 64. Rh7 Ka7 65. Re7
Rb6+ 66. Kc5 Rc6+ 67. Kb5 Rb6+ 68. Kc4 Rc6+ 69. Kb4 Rb6+
70. Ka3 Ka6 71. Re8 Ka7 72. a5 Rb5 73. Rxe6 Rxa5+ 74. Kb4 Rd5
75. Re8 Kb6 76. Kc4 Rd7 77. e6 Rh7 78. e7 Rg7 79. Kd5 Rf7
80. Ke6 Rf1 81. Rd8 Re1+ 82. Kd7 Rd1+ 83. Kc8 Ka7 84. e8=Q
Rc1+ 85. Kd7 Rd1+ 86. Kc7 Rc1+ 87. Kd6 Rd1+ 88. Kc5 Rc1+
89. Kb4 Rb1+ 90. Kc3 Rb6 91. Ra8# 1-0

[Event "FIDE Online Olympiad"]
[Site "Chess.com"]
[Date "2020.08.08"]
[EventDate "2020.08.07"]
[Round "5"]
[Result "1-0"]
[White "Malek Saif"]
[Black "Toavina Razanadrakotoarisoa"]
[WhiteElo "1969"]
[BlackElo "1933"]
[PlyCount "159"]

1. e4 c5 2. Nf3 d6 3. d4 cxd4 4. Nxd4 Nf6 5. Nc3 g6 6. Bc4 Bg7
7. f3 O-O 8. Be3 Nc6 9. Nde2 Bd7 10. Qd2 Rc8 11. Bh6 Na5
12. Bb3 b5 13. Rc1 Nc4 14. Bxc4 bxc4 15. h4 Bxh6 16. Qxh6 Kh8
17. h5 g5 18. Qxg5 Rg8 19. Qh4 Rxg2 20. Nf4 Rg8 21. Nfd5 Nxd5
22. Nxd5 f6 23. Kf2 Be6 24. Nf4 Qb6+ 25. Ke2 c3 26. b3 Qb5+
27. Ke1 Qc5 28. Qf2 Qg5 29. Nd3 d5 30. exd5 Bxd5 31. Rd1 Qf5
32. Ke2 Rc6 33. Rdf1 Qg5 34. Rd1 Re6+ 35. Kf1 Qf5 36. Ne1 Bb7
37. Rh4 Ba6+ 38. Nd3 Bb7 39. Nc5 Ba6+ 40. Nxa6 Rxa6 41. a4 Re6
42. Re1 Rd6 43. h6 Rd2 44. Qe3 Rdg2 45. Re2 Rg1+ 46. Qxg1
Rxg1+ 47. Kxg1 Qxf3 48. Rhh2 e5 49. Ref2 Qd1+ 50. Kg2 Kg8
51. Rh3 Kf7 52. Rg3 Qd5+ 53. Kh2 Ke6 54. Rg7 Qe4 55. Rxa7 Qd4
56. Ra6+ Kd5 57. Raxf6 Qh4+ 58. Kg2 Qg4+ 59. Kh1 Qh4+ 60. Kg1
Qg4+ 61. Rg2 Qd1+ 62. Rf1 Qd4+ 63. Kh1 Qh4+ 64. Rh2 Qe4+
65. Kg1 Qg4+ 66. Rg2 Qd4+ 67. Rff2 Qd1+ 68. Kh2 Qh5+ 69. Kg1
Qxh6 70. Rg3 e4 71. Kg2 Kd4 72. Re2 Qf4 73. a5 h5 74. a6 h4
75. Rge3 Qg4+ 76. Kh1 Kd5 77. a7 Qc8 78. Rxe4 Qa6 79. Re5+ Kd4
80. R2e4# 1-0

[Event "FIDE Online Olympiad"]
[Site "Chess.com"]
[Date "2020.08.08"]
[EventDate "2020.08.07"]
[Round "5"]
[Result "1-0"]
[White "Annelies Cuvelier"]
[Black "Manunthon Atikankhotchasee"]
[WhiteElo "1696"]
[BlackElo "1549"]
[PlyCount "91"]

1. e4 c5 2. Nc3 Nc6 3. Nf3 g6 4. d4 cxd4 5. Nxd4 Bg7 6. Be3
Nf6 7. f3 O-O 8. Qd2 d5 9. Nxc6 bxc6 10. exd5 cxd5 11. Bb5 e6
12. Bc5 Bd7 13. Bxd7 Nxd7 14. Bxf8 Qxf8 15. O-O Rb8 16. Rab1
Nb6 17. Kh1 Nc4 18. Qc1 Qc5 19. Na4 Qa5 20. b3 Nd6 21. Qe1 Qb5
22. Rd1 Nf5 23. Rd3 Rc8 24. Qd1 h5 25. Re1 Qb4 26. g3 Kh7
27. Kg2 Qb5 28. Re2 Rc7 29. Red2 d4 30. Qe2 Qc6 31. Nb2 Qc5
32. Nc4 a6 33. a4 Rc6 34. h3 Rc8 35. Kh2 Qc7 36. f4 Qc6
37. Ne5 Qc7 38. g4 hxg4 39. hxg4 Ne3 40. Rxd4 Bxe5 41. Qxe3
Bxd4 42. Qxd4 a5 43. c4 Qb7 44. Rd3 Qc7 45. Rh3+ Kg8 46. Qh8#
1-0